| 000 | 00499nam a22001817a 4500 | ||
|---|---|---|---|
| 003 | OSt | ||
| 005 | 20160205130159.0 | ||
| 008 | 160205b xxu||||| |||| 00| 0 eng d | ||
| 040 | _cDDC | ||
| 082 | _a310KIR 1999; | ||
| 100 |
_aProf.Kiregyeya Ben;. _96711 |
||
| 245 |
_aSample Surveys. _bWith special reference to Africa. |
||
| 260 |
_aUganda, _bHoonkab Printers Ltd. _c1999. |
||
| 300 |
_axi,273p; _bill; _c30cm |
||
| 504 | _a includes appendices. | ||
| 650 |
_a Research. _93727 |
||
| 942 |
_2ddc _cSLOAN |
||
| 999 |
_c2971 _d2971 |
||